Analýya biogénnych amínov v potravinách a ich produkcia mikroorganizmami

Saved in:
Bibliographic Details
Main Author: Greif, Gabriel
Format: Book
Language:Slovak
Published: Bratislava STU FCHPT 2004
Edition:1. vyd.
Online Access:View in OPAC
Tags: Add Tag
No Tags, Be the first to tag this record!

MARC

LEADER 00000nam a2200000 a 4500
005 20260127134300.0
008 050317 2004 xo 000 0 slo d
035 |a vtls001520191 
039 9 |y 200503171015  |z mschk03 
040 |a STUSCHK1  |b slo  |c STUSCHK1  |e AACR2 
100 1 |a Greif, Gabriel 
245 1 |a Analýya biogénnych amínov v potravinách a ich produkcia mikroorganizmami 
250 |a 1. vyd. 
260 |a Bratislava  |b STU FCHPT  |c 2004 
300 |a 135 s. 
500 |a Obháj.: 6.10. 2004. Katedra potravinárskej technológie 
910 |a SCHK95 
999 |c 8717  |d 8717